| 000 | 00394nam a2200157Ia 4500 | ||
|---|---|---|---|
| 001 | 31258 | ||
| 008 | 140416s9999 xx 000 0 und d | ||
| 020 | _a0-7922-7168-8 | ||
| 040 | _cPK-LaUMT | ||
| 082 |
_aR 912 _bNAT- |
||
| 245 | _aNational geographic student atlas of the world | ||
| 260 |
_aWashington,USA: _bNational Gheographic, _c2005 |
||
| 300 | _a144 p. | ||
| 546 | _aEN | ||
| 942 | _cBK | ||
| 999 |
_c31378 _d31378 |
||